000 01266ngm a22003730a 4500
001 PT26225
003 AR-LpoUNG
005 20210202000407.0
007 vd cvaizq
008 191001s2006||||ag |||||||||||||||||spa d
040 _aAR-LpoUNG
_bspa
_cAR-LpoUNG
_eaacr
041 _aspa
044 _aag
082 0 _a304.809 186c13
100 1 _aCampanella, Juan José
_edir.
245 1 0 _aVientos de agua :
_bcapítulos 11 y 12
260 _aBuenos Aires :
_bTelecinco - 100 Bares,
_c2006.
300 _aDVD (140 min.) : son., col.
520 _aCapítulo 13: 2004: Andrés Olaya vuelve a su pueblo natal en Asturias en compañía de su hijo Ernesto, que se da cuenta de lo poco que sabe del pasado de su padre. Andrés se encuentra con sus amigos y enemigos que siguen aún vivos en su pueblo, y con los fantasmas de quienes lo acompañaron en los 70 años que pasaron desde su huída a la Argentina.
650 4 _aARGENTINA
650 4 _aASPECTOS POLITICOS
650 4 _aESPAÑA
650 4 _aHISTORIA SOCIAL
650 4 _aINMIGRACION
650 4 _aINMIGRANTES
650 4 _aMIGRACION
650 4 _aMIGRANTES
651 4 _aArgentina
653 _aCINE ARGENTINO
653 _aDVD
653 _aVIDEOS
905 _a26225
942 _cDVD
999 _c54772
_d54772